Les adversaires du PSG en coupe d’europe au XXIè - Statistiques

Statistiques générales
  • Ce quiz a été pris 288 fois
  • Le résultat moyen est 53 sur 97
Statistiques - réponses
Hint Réponse % Correct
2021/2022 Huitième de finale Real Madrid
100%
2019/2020 Phase de poule Real Madrid
100%
2017/2018 Huitième de finale Real Madrid
100%
2015/2016 Phase de poule Real Madrid
100%
2023/2024 Demi-Finale Dortmund
99%
2023/2024 Phase de poule Dortmund
99%
2019/2020 Quart de finale Dortmund
99%
2023/2024 Quart de finale FC Barcelone
99%
2020/2021 Huitième de finale FC Barcelone
99%
2016/2017 Huitième de finale FC Barcelone
99%
2014/2015 Quart de finale FC Barcelone
99%
2014/2015 Phase de poule FC Barcelone
99%
2012/2013 Quart de finale FC Barcelone
99%
2022/2023 Huitième de finale Bayern Munich
97%
2020/2021 Quart de finale Bayern Munich
97%
2019/2020 Finale Bayern Munich
97%
2017/2018 Phase de poule Bayern Munich
97%
2000/2001 Phase de poule (1er tour) Bayern Munich
97%
2021/2022 Phase de poule Manchester City
97%
2020/2021 Demi-finale Manchester City
97%
2015/2016 Quart de finale Manchester City
97%
2008/2009 Phase de poule Manchester City
97%
2023/2024 Phase de poule AC Milan
96%
2000/2001 Phase de poule (2ème tour) AC Milan
96%
2020/2021 Phase de poule Manchester United
94%
2018/2019 Huitième de finale Manchester United
94%
2023/2024 Phase de poule Newcastle
87%
2022/2023 Phase de poule Juventus
86%
2016/2017 Phase de poule Arsenal
82%
2015/2016 Huitième de finale Chelsea
82%
2014/2015 Huitième de finale Chelsea
82%
2013/2014 Quart de finale Chelsea
82%
2004/2005 Phase de poule Chelsea
82%
2023/2024 Huitième de finale Real Sociedad
81%
2018/2019 Phase de poule Liverpool
80%
2021/2022 Phase de poule Leipzig
76%
2020/2021 Phase de poule Leipzig
76%
2019/2020 Huitième de finale Leipzig
76%
2022/2023 Phase de poule Benfica
75%
2013/2014 Phase de poule Benfica
75%
2006/2007 Huitième de finale Benfica
75%
2019/2020 Demi-finale Atalanta
74%
2012/2013 Phase de poule Porto
68%
2004/2005 Phase de poule Porto
68%
2021/2022 Phase de poule Bruges
67%
2019/2020 Phase de poule Bruges
67%
2018/2019 Phase de poule Naples
66%
2017/2018 Phase de poule Celtic
59%
2019/2020 Phase de poule Galatasaray
59%
2000/2001 Phase de poule (2ème tour) Galatasaray
59%
2014/2015 Phase de poule Ajax
57%
2017/2018 Phase de poule Anderlecht
57%
2013/2014 Phase de poule Anderlecht
57%
2018/2019 Phase de poule Etoile Rouge de Belgrade
55%
2022/2023 Phase de poule Maccabi Haifa
53%
2013/2014 Huitième de finale Bayer Leverkusen
51%
2012/2013 Huitième de finale Valence
51%
2015/2016 Phase de poule Malmö
35%
2020/2021 Phase de poule Istanbul Basaksehir
32%
2001/2002 Seizième de finale Rangers
32%
2016/2017 Phase de poule FC Bâle
31%
2015/2016 Phase de poule Shaktar
30%
2011/2012 Phase de poule Athletic Bilbao
28%
2008/2009 Phase de poule Schalke 04
28%
2013/2014 Phase de poule Olympiakos
27%
2004/2005 Phase de poule CSKA Moscou
26%
2016/2017 Phase de poule Ludogorets
25%
2008/2009 Huitième de finale Braga
23%
2012/2013 Phase de poule Dynamo Kiev
23%
2008/2009 Quart de finale Dynamo Kiev
23%
2011/2012 Phase de poule Salzbourg
23%
2008/2009 Seizième de finale Wolfsbourg
22%
2000/2001 Phase de poule (2ème tour) Deportivo La Corogne
21%
2006/2007 Seizième de finale AEK Athènes
20%
2014/2015 Phase de poule APOEL
19%
2006/2007 Phase de poule Hapoel telaviv
17%
2008/2009 Phase de poule Twente
16%
2001/2002 Trente-deuxième de finale Rapid Vienne
15%
2012/2013 Phase de poule Dinamo Zagreb
14%
2000/2001 Phase de poule (1er tour) Rosenborg
14%
2001/2002 Demi-finale La Gantoise
13%
2002/2003 Seizième de finale Boavista
7%
2011/2012 Phase de poule Slovan Bratislava
6%
2006/2007 Phase de poule Panatinaikos
5%
2008/2009 Phase de poule Racing Santander
5%
2000/2001 Phase de poule (1er tour) Helsingborg
4%
2001/2002 Finale Brescia
3%
2011/2012 Qualification Differdange
3%
2006/2007 Phase de poule Rapid Bucarest
3%
2001/2002 Soixante-quatrième de finale Rapid Bucarest
3%
2002/2003 Soixante-quatrième de finale Ujpest
2%
2006/2007 Qualification Derry City
1%
2001/2002 Huitième de finale Jazz Pori
1%
2008/2009 Qualification Kayserispor
1%
2006/2007 Phase de poule Mlada Boleslav
1%
2002/2003 Trente-deuxième de finale Progresul Bucuresti
0%
2001/2002 Quart de finale Tavriya
0%
Aucun quiz correspondant
Distribution des résultats
% des personnes avec chaque résultat
Percentile par nombre de réponses
Votre historique - résultats
Vous n’avez pas pris ce quiz